000
00306nam a2200133Ia 4500
003
OSt
005
20240410101629.0
008
170524s9999 xx 000 0 und d
020
_a
9780782127041
040
_c
IIMT UNIVERSITY
100
_a
KUNT- CANGLE
245
0
_a
XML DEVELOPERS HANDBOOK
942
_2
ddc
_c
02
999
_c
3650
_d
3650